000 00626nas a2200229 4500
001 BR7304111
003 BR-BrBNA
005 20231205082503.0
007 ta
008 230509b bl.|||p| |||| 00| 00por d
040 _aBR-BrBNA
_bpor
_cBiblioteca Nacional de Agricultura
041 _a(Pt)
072 _aP10
100 1 _aDurante, A.
245 1 _aAgua subterranea em Sao Simao e Luiz Antonio
650 _aRECURSO HIDRICO
650 _aPOCO
650 _aSAO PAULO
773 0 _tIGG (Brazil)
_xISSN 0101-4366
_g(1966), v. 18(1) p. 41-57
_wBR7304111
909 _a202311
_bLúcia
_c55
_dLúcia Elande
942 _2AGRIS
_n0
_cANA
999 _c92238
_d92238